Panegyricos sagrados, para gloria y alabanza de Dios, y de su Madre Santisima, y de los Santos (Record no. 8305)
[ view plain ]
| 000 -CABECERA | |
|---|---|
| campo de control de longitud fija | 01528nam a2200229 a 4500 |
| 001 - NÚMERO DE CONTROL | |
| campo de control | BRCA_8645 |
| 005 - FECHA Y HORA DE LA ÚLTIMA TRANSACCIÓN | |
| campo de control | 20190320210344.0 |
| 008 - DATOS DE LONGITUD FIJA--INFORMACIÓN GENERAL | |
| campo de control de longitud fija | 041016s1885----fr-a######---#000-0#fre-# |
| 041 ## - CÓDIGO DE LENGUA | |
| Código de lengua del texto/banda sonora o título independiente | spa |
| 044 ## - CÓDIGO DEL PAÍS DE LA ENTIDAD EDITORA/PRODUCTORA | |
| Código MARC del país | sp |
| 084 ## - OTRO NÚMERO DE CLASIFICACIÓN | |
| Número de clasificación | BE37 |
| Número de documento/Ítem | .O85 1718 |
| 100 1# - ENTRADA PRINCIPAL--NOMBRE DE PERSONA | |
| Nombre de persona | Oviedo, Juan Antonio de (S.I.) |
| Fechas asociadas al nombre | 1670-1757 |
| 9 (RLIN) | 21576 |
| 245 10 - MENCIÓN DE TÍTULO | |
| Título | Panegyricos sagrados, para gloria y alabanza de Dios, y de su Madre Santisima, y de los Santos |
| Resto del título | parte segunda, que dedica al grande apóstol del oriente San Francisco Xavier. |
| 260 ## - PUBLICACIÓN, DISTRIBUCIÓN, ETC. | |
| Lugar de publicación, distribución, etc. | Madrid |
| Nombre del editor, distribuidor, etc. | por Francisco del Hierro |
| Fecha de publicación, distribución, etc. | 1718 |
| 300 ## - DESCRIPCIÓN FÍSICA | |
| Extensión | 395 p. (t.2) |
| Dimensiones | 19.7 x 15 cm. |
| 500 ## - NOTA GENERAL | |
| Nota general | Con marca de fuego: ´Procedencia de la marca: Oratorio de San Felipe Neri de Querétaro. Institución: Congregación del Oratorio de San Felipe Neri (Oratorianos). Descripción: Monograma compuesto por las iniciales: ´O´, ´R´, ´A´, ´T´, ´R´, ´I´ y en el fuste de la ´T´ otra ´o´ que se desata como Oratorio. Observaciones: A falta de un testimonio de pertenencia se hace la atribución de la marca en función a la realizada por David Saavedra Vega. Ubicación de la marca en el libro: Canto superior´ |
| 500 ## - NOTA GENERAL | |
| Nota general | Estado físico: lomo y primera hoja desprendidos, con hojas manchadas y algunas rotas, y cintas rotas |
| 650 14 - PUNTO DE ACCESO ADICIONAL DE MATERIA--TÉRMINO DE MATERIA | |
| Término de materia o nombre geográfico como elemento de entrada | Sermones españoles |
| Subdivisión cronológica | Obras anteriores a 1800 |
| 9 (RLIN) | 21577 |
| 856 ## - LOCALIZACIÓN Y ACCESO ELECTRÓNICOS | |
| Nombre del host | http://www.marcasdefuego.buap.mx:8180/xmLibris/projects/firebrand/item.jsp?repository=marcas_de_fuego&key=marcas_de_fuego_oratorianas_20131206141204_98e1.xml&num=3 |
| 902 ## - CATALOGADOR | |
| Iniciales | CFM |
| 942 ## - ELEMENTOS DE PUNTO DE ACCESO ADICIONAL (KOHA) | |
| Fuente del sistema de clasificación o colocación | Library of Congress Classification |
| Tipo de ítem Koha | Libros |
| Estado de retiro | Estado de pérdida | Fuente del sistema de clasificación o colocación | Estado dañado | No para préstamo | Código de colección | Localización permanente | Ubicación/localización actual | Fecha de adquisición | Fuente de adquisición | Total de préstamos | Signatura topográfica completa | Código de barras | Fecha visto por última vez | Precio válido a partir de | Tipo de ítem Koha |
|---|---|---|---|---|---|---|---|---|---|---|---|---|---|---|---|
| El ejemplar forma parte de la colección y puede ser consultado según las políticas vigentes. | Library of Congress Classification | Conventual Franz Mayer | Biblioteca del Museo Franz Mayer (Rogerio Casas-Alatriste) | Biblioteca del Museo Franz Mayer (Rogerio Casas-Alatriste) | 04/10/2016 | Donación | BE37 .O85 1718 | CFM00034 | 22/03/2019 | 22/03/2019 | Libros |